| 000 | 00611nam a2200133Ia 4500 | ||
|---|---|---|---|
| 008 | 160809s9999 xx 000 0 und d | ||
| 100 | _aAlkhamra, Hatem A. | ||
| 245 | _aCANDIDATES OF WRITTEN LANGUAGE DISABILITIES AMONG UNDERGRADUATE STUDENTS AT THE UNIVERSITY OF JORDAN AS PERCEIVED BY STUDENTS AND THEIR TEACHERS | ||
| 245 | _cHatem A. Alkhamra Mayada M. AlNatour Sana M. N. Abu Dahab Bassam M. AlAbdallat University of Jordan. | ||
| 260 | _bInternational Journal of Special Education | ||
| 260 | _c2012 | ||
| 650 | _xSPECIAL EDUCATION | ||
| 856 | _uhttp://www.internationaljournalofspecialed.com/issues.php | ||
| 999 |
_c300367 _d300367 |
||